Repair from genetic radiation damage and differential radiosensitivity in germ cells ; proceedings of an international symposium held at the University of Leiden, the Netherlands, August 15-19, 1962 /

Bibliographic Details
Main Author: Sobels, F. H.
Corporate Author: Rijksuniversiteit te Leiden
Format: Book
Language:English
Published: New York : Macmillan, 1963.
Subjects:

MARC

Tag First Indicator Second Indicator Subfields
LEADER 00000cam a2200000 4500
001 in00000041347
005 20151007072546.0
008 761020s1963 nyuac b 00000 eng
010 |a  63017283  
035 |a (OCoLC)02516777 
035 |9 AAE8109AM 
040 |a DLC  |c AKR  |d OCL  |d TXA  |d UtOrBLW 
049 |a TXAM  |c [461498] 
050 0 0 |a QH652.5  |b .S6 1963 
082 0 |a 575.131 
092 |a 575.131  |b S677r, 1963 
100 1 |a Sobels, F. H. 
245 1 0 |a Repair from genetic radiation damage and differential radiosensitivity in germ cells ;  |b proceedings of an international symposium held at the University of Leiden, the Netherlands, August 15-19, 1962 /  |c With an introd. by Alexander Hollaender. 
264 1 |a New York :  |b Macmillan,  |c 1963. 
300 |a x, 454 pages :  |b illustrations, group portrait ;  |c 24 cm. 
336 |a text  |b txt  |2 rdacontent 
337 |a unmediated  |b n  |2 rdamedia 
338 |a volume  |b nc  |2 rdacarrier 
500 |a "A Pergamon Press book." 
504 |a Includes bibliographies. 
650 0 |a Radiogenetics  |v Congresses. 
710 2 |a Rijksuniversiteit te Leiden. 
999 |a MARS 
999 f f |s de918ac9-6004-3db8-bc7e-7b5c1102d0e6  |i 32a90246-f3cc-345d-819a-c929a317a131  |t 0 
952 f f |p ric  |a Texas A&M University  |b Rellis Campus  |c Joint Library Facility  |d Remote Storage  |t 0  |e QH652.5 .S6 1963  |h Library of Congress classification  |i unmediated -- volume  |m A14800979913 
998 f f |a QH652.5 .S6 1963  |t 0  |l Remote Storage